000 00867nam a2200253Ia 4500
003 OSt
005 20220923223342.0
006 a|||||r|||| 00| 0
007 ta
008 220922b |||||||| |||| 00| 0 hin d
024 _a213,809
037 _cTextual
040 _aARTS
_cARTS
_bhin
041 _2hin
_ahin
082 _aO152,3M901,PA, H5
100 _aसिंह, राधिकारगण प्रसाद
_9160236
245 0 _aपूरब और पच्छिम
246 _aPūrab aur pachchhima
260 _aबिहार
_b राजराजेधरी-साहित्य
_c1945
300 _a137 पृ.
_ccm.
650 _aहिन्दी साहित्य
_9156264
942 _hO152,3M901,PA, H5
_cTEXL
_2CC
999 _c364017
_d364017